logo

Bir Sreshtho Munshi Abdur Rouf Library
Jhenaidah Cadet College

কিরীটী অমনিবাস / (Record no. 2821)

MARC details
000 -LEADER
fixed length control field 00738nam a2200229 a 4500
001 - CONTROL NUMBER
JCCL Control Number 2821
003 - CONTROL NUMBER IDENTIFIER
JCCL marc code BD-JhCC
005 - DATE AND TIME OF LATEST TRANSACTION
control field 20171107191013.0
008 - FIXED-LENGTH DATA ELEMENTS--GENERAL INFORMATION
fixed length control field 171106s1399 bg |||| ||a| 000 0 ben d
020 ## - INTERNATIONAL STANDARD BOOK NUMBER
International Standard Book Number 8172930178
035 ## - SYSTEM CONTROL NUMBER
system control number (BD-JhCC)
040 ## - CATALOGING SOURCE
Original cataloging agency BD-JhCC
Modifying agency BD-JhCC
041 ## - LANGUAGE CODE
Language code of Book ben
082 ## - DEWEY DECIMAL CLASSIFICATION NUMBER
Classification number 891.443
Author mark and Year GUP 1397
100 ## - MAIN ENTRY--PERSONAL NAME
Personal name গুপ্ত, নীহার রঞ্জন
245 ## - TITLE STATEMENT
Title কিরীটী অমনিবাস /
Statement of responsibility, etc নীহার রঞ্জন গুপ্ত
260 ## - PUBLICATION, DISTRIBUTION, ETC. (IMPRINT)
Place of publication, distribution, etc কলকাতা :
Name of publisher, distributor, etc মিত্র ও ঘোষ পাবলিশার্স প্রাঃ লিঃ,
Date of publication, distribution, etc 1399.
300 ## - PHYSICAL DESCRIPTION
Pagination ২৭৪ p. :
Dimensions 21 cm.
650 ## - SUBJECT ADDED ENTRY--TOPICAL TERM
Topical term or geographic name as entry element Detective Fiction
942 ## - ADDED ENTRY ELEMENTS (KOHA)
Source of classification or shelving scheme Dewey Decimal Classification
Koha item type Books
Holdings
Source of classification or shelving scheme volume number Damaged status Not for loan Home library Current library Shelving location Date of accession Cost, normal purchase price Total Checkouts Full call number Barcode Date last seen Copy number Koha item type
Dewey Decimal Classification V-14     JCC Rouf Library JCC Rouf Library General Stacks 11/07/2017 70.00   891.443 GUP 1397 4399 11/07/2017 C-1 Books

JCC Library | Contacts | JCC Home

Last Update on 23 September 2017
Copyright @ 2017-2020 JCC Rouf Library
Rouf Library, Jhenidah Cadet College (JCC), Bangladesh